Score 0/20 Timer 04:00
0 Plays Today
Hint 4-Letter Word % Correct
★ The continent that Kyrgyzstan is on ★ASIA
98.4%
What a vacuum cleaner doesSUCK
88.1%
Experiencing illnessSICK
87.8%
A song in an opera or oratorio ARIA
87.5%
The Greek god of warARES
87.4%
What grows into a plantSEED
86.4%
Post a letterSEND
85.9%
The measurement of a piece of landAREA
85.5%
Ground rocks found on a beachSAND
83.9%
Stick your shirt in your pantsTUCK
82.5%
Hint 4-Letter Word % Correct
Fell to the bottom of the oceanSANK
81.3%
Went too fastSPED
80.7%
Actor Vigoda and President LincolnABES
80.1%
★ 13th century road that went through Kyrgyzstan ★SILK
71.8%
Inventor of the injected polio vaccineSALK
70.1%
MimickedAPED
68%
★ Kyrgyz means 40 in the language spoken by these people ★TURK
63.7%
Danny Pudi's 'Community' characterABED
53.8%
★ Kyrgyz City with 89,000 people: Jalal-___ABAD
42.7%
Loose sleeveless outer garments for men in the Middle EastABAS
41.5%

Today's Daily Dose

Quick Pick
Colorful Movies

Get the Picture
Dog Breeds II

Remove Ads.
Support Sporcle.
Get the best of Sporcle when you Go Orange. This ad-free experience offers more features, more stats, and more fun while also helping to support Sporcle. Thank you for becoming a member.

You're not logged in!

Compare scores with friends on all Sporcle quizzes.
OR
Log In

Show Comments

Extras

Top Quizzes Today


Score Distribution

Your Account Isn't Verified!

In order to create a playlist on Sporcle, you need to verify the email address you used during registration. Go to your Sporcle Settings to finish the process.

Report this User

Report this user for behavior that violates our Community Guidelines.

Details: